[Event "Muensterland Verbandsklasse 2122"]
[Site "Germany"]
[Date "2021.09.25"]
[Round "1.3"]
[White "Schoewer, Torsten"]
[Black "Kluczka, Konrad"]
[Result "1/2-1/2"]
[WhiteElo "1719"]
[BlackElo "1785"]
[PlyCount "79"]
[EventDate "2021.09.25"]
[EventType "team-tourn"]
[EventRounds "2"]
[EventCountry "GER"]
[SourceTitle "EXT 2023"]
[Source "ChessBase"]
[SourceDate "2022.10.05"]
[SourceVersion "1"]
[SourceVersionDate "2022.10.05"]
[SourceQuality "1"]
[WhiteTeam "Gronau II"]
[BlackTeam "Muenster Indische Dame"]
[WhiteTeamCountry "GER"]
[BlackTeamCountry "GER"]

1. Nf3 d5 2. c4 e6 3. e3 Nf6 4. d4 Be7 5. Nbd2 0-0 6. Bd3 Nbd7 7. 0-0 Re8 8. b3 c5 9. Bb2 b6 10. e4 dxe4 11. Nxe4 Bb7 12. Qc2 Nxe4 13. Bxe4 Bxe4 14. Qxe4 Nf6 15. Qc2 Qc7 16. dxc5 Qxc5 17. Bd4 Qh5 18. Rad1 Red8 19. Be5 Ne8 20. Rxd8 Rxd8 21. Rd1 Rxd1+ 22. Qxd1 Qf5 23. h3 Kf8 24. Bb8 a5 25. Ne5 f6 26. Nd7+ Kg8 27. Bg3 b5 28. cxb5 Qxb5 29. Nb8 e5 30. Qd7 Qxd7 31. Nxd7 Kf7 32. Nb8 Bd8 33. Nc6 Bc7 34. f3 Ke6 35. Be1 a4 36. bxa4 Kd5 37. Nb4+ Kc4 38. Kf1 Nd6 39. Ke2 Nf5 40. Nc2 1/2-1/2

[Event "Muensterland Verbandsklasse 1819"]
[Site "Germany"]
[Date "2018.09.15"]
[Round "1.6"]
[White "Engfer, Klaus"]
[Black "Schoewer, Torsten"]
[Result "0-1"]
[WhiteElo "1581"]
[BlackElo "1757"]
[PlyCount "88"]
[EventDate "2018.09.15"]
[EventType "team-tourn"]
[EventRounds "9"]
[EventCountry "GER"]
[SourceTitle "EXT 2020"]
[Source "ChessBase"]
[SourceDate "2019.10.17"]
[SourceVersion "1"]
[SourceVersionDate "2019.10.17"]
[SourceQuality "1"]
[WhiteTeam "Rheine Klein Berlin II"]
[BlackTeam "Gronau II"]
[WhiteTeamCountry "GER"]
[BlackTeamCountry "GER"]

1. e4 c5 2. Nf3 Nc6 3. d4 cxd4 4. Nxd4 d6 5. Bc4 e6 6. Nc3 a6 7. 0-0 Be7 8. Re1 Qc7 9. Nxc6 Qxc6 10. Qe2 Nf6 11. Bb3 0-0 12. Bf4 b5 13. a3 Bb7 14. f3 Rfe8 15. Rad1 Rad8 16. Be3 Nd7 17. Bd4 Nb6 18. e5 dxe5 19. Bxe5 Qc5+ 20. Kh1 Nc4 21. Bxc4 Qxc4 22. Qxc4 bxc4 23. h3 Bc6 24. Rxd8 Rxd8 25. Rd1 Rxd1+ 26. Nxd1 Bc5 27. Nc3 f6 28. Bg3 Kf7 29. Be1 f5 30. Ne2 Ba4 31. Bb4 Be3 32. g3 Bxc2 33. Kg2 Bd3 34. Kf1 e5 35. Ke1 Ke6 36. Bd2 Bxd2+ 37. Kxd2 Bxe2 38. Kxe2 Kd5 39. Ke3 g5 40. f4 gxf4+ 41. gxf4 e4 42. h4 h5 43. Ke2 Kd4 44. Kd2 e3+ 0-1

[Event "Muensterland Verbandsklasse-A 0304"]
[Site "Germany"]
[Date "2004.03.27"]
[Round "8.5"]
[White "Fehlings, Gerd"]
[Black "Schoewer, Torsten"]
[Result "1/2-1/2"]
[WhiteElo "1748"]
[BlackElo "1884"]
[PlyCount "114"]
[EventDate "2003.09.20"]
[EventType "team"]
[EventRounds "9"]
[EventCountry "GER"]
[SourceTitle "EXT 2005"]
[Source "ChessBase"]
[SourceDate "2004.11.15"]
[SourceVersion "1"]
[SourceVersionDate "2004.11.15"]
[SourceQuality "1"]
[WhiteTeam "Emsdetten Rochade"]
[BlackTeam "Gronau"]
[WhiteTeamCountry "GER"]
[BlackTeamCountry "GER"]

1. d4 Nf6 2. Nf3 g6 3. c4 Bg7 4. Nc3 d6 5. e3 0-0 6. Be2 a5 7. b3 Nbd7 8. Qc2 e5 9. dxe5 Nxe5 10. Nxe5 dxe5 11. e4 c6 12. Bg5 h6 13. Rd1 Qc7 14. Be3 b6 15. f3 Be6 16. Qc1 Kh7 17. Na4 Nd7 18. 0-0 f5 19. exf5 Bxf5 20. Bf2 Rae8 21. Qd2 Rd8 22. Qe3 c5 23. Nc3 Nb8 24. Bg3 Nc6 25. Nd5 Qb7 26. Bd3 e4 27. Bxe4 Bd4 28. Rxd4 cxd4 29. Qf4 Rde8 30. Bxf5 gxf5 31. Bh4 Re6 32. Rd1 b5 33. cxb5 Nb4 34. Qc7+ Qxc7 35. Nxc7 Re2 36. a3 Rc8 37. Bg3 Nc2 38. a4 Rxg2+ 39. Kh1 Rxg3 40. hxg3 Rxc7 41. b6 Rc3 42. Rb1 Nb4 43. b7 Na6 44. b4 d3 45. Kg2 axb4 46. Rxb4 d2 47. Rd4 Rc2 48. Rd7+ Kg8 49. Kf1 Rc1+ 50. Ke2 d1Q+ 51. Rxd1 Rxd1 52. Kxd1 Kf7 53. Ke2 Ke6 54. Ke3 Ke5 55. f4+ Kd5 56. Kf3 h5 57. Kg2 Kc6 1/2-1/2

[Event "Muensterland Verbandsklasse-A 0304"]
[Site "Germany"]
[Date "2004.01.17"]
[Round "5.5"]
[White "Schoewer, Torsten"]
[Black "Schigiol, Jan Hendrik"]
[Result "1/2-1/2"]
[WhiteElo "1884"]
[BlackElo "1739"]
[PlyCount "59"]
[EventDate "2003.09.20"]
[EventType "team"]
[EventRounds "9"]
[EventCountry "GER"]
[SourceTitle "EXT 2005"]
[Source "ChessBase"]
[SourceDate "2004.11.15"]
[SourceVersion "1"]
[SourceVersionDate "2004.11.15"]
[SourceQuality "1"]
[WhiteTeam "Gronau"]
[BlackTeam "Muenster V"]
[WhiteTeamCountry "GER"]
[BlackTeamCountry "GER"]

1. Nf3 d5 2. g3 Nf6 3. Bg2 c5 4. d3 Nc6 5. 0-0 e6 6. Nbd2 Be7 7. e4 dxe4 8. Nxe4 Nxe4 9. dxe4 0-0 10. Bf4 b6 11. c3 Bb7 12. Qc2 Qc8 13. Rad1 Rd8 14. e5 Qc7 15. h4 Rxd1 16. Rxd1 Rd8 17. Rd2 Rxd2 18. Qxd2 Qd8 19. Bf1 Qxd2 20. Nxd2 Kf8 21. Bd3 g6 22. Ne4 h5 23. Bh6+ Ke8 24. Bg7 Na5 25. Nd2 Kd7 26. Kf1 Bd5 27. Bb5+ Bc6 28. Bd3 Bd5 29. Bb5+ Bc6 30. Bd3 1/2-1/2

[Event "Muensterland Verbandsklasse-A 0203"]
[Site "Muensterland"]
[Date "2003.02.15"]
[Round "6.5"]
[White "Steens, Rudolf"]
[Black "Schoewer, Torsten"]
[Result "0-1"]
[WhiteElo "1906"]
[BlackElo "1831"]
[PlyCount "78"]
[EventDate "2002.09.28"]
[EventType "team"]
[EventRounds "9"]
[EventCountry "GER"]
[SourceTitle "EXT 2004"]
[Source "ChessBase"]
[SourceDate "2003.11.25"]
[SourceVersion "1"]
[SourceVersionDate "2003.11.25"]
[SourceQuality "1"]
[WhiteTeam "Nordwalde"]
[BlackTeam "Gronau"]
[WhiteTeamCountry "GER"]
[BlackTeamCountry "GER"]

1. e4 c5 2. c3 Nc6 3. Nf3 d5 4. exd5 Qxd5 5. d4 Bg4 6. Be2 e6 7. h3 Bh5 8. c4 Qd8 9. d5 Bxf3 10. Bxf3 exd5 11. cxd5 Ne5 12. 0-0 Nxf3+ 13. Qxf3 Bd6 14. Nc3 Ne7 15. Bf4 0-0 16. Rad1 Nf5 17. Qg4 Bxf4 18. Qxf5 Bd6 19. Rfe1 Qb6 20. Ne4 h6 21. Qg4 Kh8 22. Qh5 Rad8 23. g4 Bf4 24. g5 Qxb2 25. h4 f5 26. gxf6 gxf6 27. Ng5 fxg5 28. Qxh6+ Kg8 29. Re7 Rf7 30. Rxf7 Kxf7 31. Qe6+ Kf8 32. Qf5+ Kg7 33. hxg5 Qe5 34. Qb1 Qxg5+ 35. Kf1 Rd7 36. Qb5 Qg4 37. Rd3 Bd6 38. Qb2+ Kg8 39. Qc1 Rh7 0-1